| 000 | 00456nam a2200157 i 4500 | ||
|---|---|---|---|
| 001 | 21275 | ||
| 003 | ES-MaACL | ||
| 005 | 20230906152441.0 | ||
| 007 | t| | ||
| 008 | 021122s1976 sp ||||1| spa d | ||
| 245 | 0 | 0 | _aAgricultores en acción. |
| 260 |
_aMadrid : _b[Publicaciones de Extensión Agraria], _c1976. |
||
| 300 |
_a424 p. : _bil. ; _c22 cm. |
||
| 710 | 2 |
_aEspaña. _bServicio de Extensión Agraria. _93975 |
|
| 852 |
_aES-MaACL _jA-6299 _bR.94953 |
||
| 999 |
_c21275 _d21275 |
||